000
00316nam a22001337a 4500
008
181022b xxu||||| |||| 00| 0 eng d
020
_a
0721636098
041
_a
eng
080
_a
616.12
100
_a
6
101
_a
KAR
245
_a
Essentials Cardiopumonary Physical Therapy
_c
Sadowski.H
942
_2
udc
_c
BK
999
_c
50503
_d
50503